00608cam a22002051 450000100060000000300080000600500170001400800390003103500190007004000310008904100080012008200240012810000210015224500470017326000310022030000260025150400700027765000130034765500420036016655BD-RjUL20211209000033.0140215s1964 nyu b 001 1 eng a(BD-RjUL)16710 aDLCcWadDLCdBD-RjULbeng aeng04219a813.5bCOI 19641 aCondon, Richard.13aAn infinity of mirrors /c Richard Condon. aNew York :bRandom,c1964. avii, 333 p. ;c22 cm. aBibliographical references included in "Author's note" (p. v-vii) 0aGermany. 7aDetective and mystery stories.2gsafd